| 000 | 00443nam a22001577a 4500 | ||
|---|---|---|---|
| 003 | OSt | ||
| 005 | 20220915162232.0 | ||
| 008 | 220915b |||||||| |||| 00| 0 eng d | ||
| 040 | _cBiblioteca Lado V | ||
| 082 |
_a750 _bD559p |
||
| 100 | _aDiehl, Gaston | ||
| 245 | _aPerez Celis/ | ||
| 260 |
_aBuenos Aires, Argentina _bEdiciones de Arte Gaglianone _c1981 |
||
| 300 |
_a189p. _c27x32cm |
||
| 942 |
_2ddc _c1 _h750 _iD559p _n0 |
||
| 999 |
_c2035 _d2035 |
||